| 000 | 00465nam a2200169 a 4500 | ||
|---|---|---|---|
| 005 | 20140412111331.0 | ||
| 008 | 030317s19uu xx 00 eng d | ||
| 020 | _a0-02-179000-0 | ||
| 050 |
_aBB _bHa11 1989 |
||
| 100 | _aAncona, George | ||
| 245 |
_aHandtalk zoo / _cGeorge Ancona & Mary Beth. |
||
| 260 |
_aNew York : _bMacmillan/McGraw-Hill School Pub. Comp, _c1989. |
||
| 300 | _a30 p ; ill. | ||
| 650 | _aSign languages | ||
| 650 | _aZoo | ||
| 999 |
_c104941 _d104941 |
||